000 00864nam a22002297a 4500
008 081217t xxu||||| |||| 00| 0 eng d
010 _aENG-92239
020 _c50.00
035 _aEN-75772
037 _bDBAD / PUB
040 _adpl
_bEnglish
082 _a883.08
100 _aJeyakumari, P.
245 _aPathos in R.K. Narayan's selected novels /
_cby P. Jeyakumari
260 _aTiruvannamalai
_bThulasi Publication
_c2008
270 _aNo. 97, Gandhi Road, Cheyyar
_bTiruvannamalai
300 _a68p.
_c25cm (pbk)
600 _aNarayan, R. K.,1906-2001
_xCriticism and interpretation.
650 _aPathos in literature.
942 _2ddc
_cEN
_mJEY
_h883.08
999 _c20026
_d20026